[Event "Magnus Carlsen Invitational 2020 Final4"]
[Site "magnuscarlsen.com"]
[Date "2020.05.01"]
[Round "1.6"]
[White "Nakamura, Hikaru"]
[Black "Caruana, Fabiano"]
[Result "1-0"]
[WhiteElo "2829"]
[BlackElo "2773"]
[Annotator "TA"]
[PlyCount "137"]
[EventDate "2020.04.18"]
[EventType "k.o."]
[EventCountry "NOR"]
[SourceTitle "playchess.com"]
[Source "ChessBase"]
[SourceQuality "1"]

{[%evp 12,137,18,9,9,5,12,7,19,19,36,37,43,27,16,10,15,8,76,0,39,-38,-20,-20,-17,-17,-15,-24,-25,-66,-47,-90,-89,-108,-45,-131,-74,-50,-32,-33,0,0,20,-26,0,0,170,0,50,35,29,0,0,0,0,0,0,0,0,0,0,0,0,0,0,0,0,0,8,8,8,0,494,0,0,0,0,0,0,0,0,0,0,0,0,0,0,0,0,0,1938,1626,29968,29969,29967,29969,29969,29970,29970,29971,29971,29971,29971,29971,29966,0,29970,0,6179,0,2077,0,29976,29977,29976,29977,29979,29980,29978,29978,29980,29981,29981,29982,29982,29982,29984,29985]} 1. Nf3 d6 2. d4 Nf6 3. e3 g6 4. b3 Bg7 5. Bb2 O-O 6. Be2 Nbd7 7. O-O b6 {7...Re8 is becoming the main line. A48: 1 d4 Nf6 2 Nf3 g6: Torre, London and Colle Systems.} 8. c4 Bb7 9. Qc2 e6 {The position is equal.} 10. Nc3 Qe7 11. e4 {[#]} e5 $146 ({Predecessor:} 11... a6 12. Rfe1 c5 13. d5 exd5 14. exd5 Rae8 15. Rad1 Bc8 16. h3 Qd8 17. Nh2 Re7 {0-1 (42) Postny,E (2619)-Pultinevicius,P (2439) Skopje 2019}) 12. dxe5 dxe5 13. Nd5 Nxd5 14. cxd5 Rac8 (14... c6 $1 $11) 15. Bb5 (15. Rfd1 $16) 15... Nb8 (15... c6 $5 16. dxc6 (16. Bxc6 Nb8 $15) 16... Bxc6 17. Bxc6 Nb8 $11) 16. Bc6 ({Better is} 16. Rfd1 $14) 16... Nxc6 17. dxc6 Ba6 18. Rfd1 Rcd8 19. a4 {Threatening Ba3.} Rfe8 20. Rxd8 Rxd8 21. Rd1 Rd6 22. Rd2 {[#]} f6 (22... Qd8 $1 $17 23. Rxd6 Qxd6) 23. h4 (23. Ba3 $15 Rxd2 {[%mdl 64] Discovered Attack} 24. Qxd2 Qxa3 25. Qd5+ Kh8 26. Qd8+ Qf8 27. Qxc7) 23... Bh6 (23... Bf8 $142 24. Kh2 Qe6 25. Rxd6 Qxd6) 24. Rd5 $17 Rxd5 25. exd5 Qd6 26. Qe4 Bc8 27. h5 Bf5 28. Qc4 Bf8 $2 (28... gxh5 $11 29. Nh4 Bg4) 29. Nh4 $2 (29. g4 $18 Bc8 30. hxg6 hxg6 31. g5) 29... Qc5 (29... Qb4 $5 {[%cal Rb4c4]} 30. Qxb4 (30. Nxf5 Qxc4 31. bxc4 gxf5 $14) 30... Bxb4 31. Nxf5 gxf5 $14) 30. Nxf5 gxf5 31. Kf1 Kg7 32. Bc1 Qxc4+ 33. bxc4 $11 {[%mdl 4096] Endgame KB-KB} f4 34. g3 Kh6 35. gxf4 Kxh5 36. Kg2 Kg4 $1 37. fxe5 fxe5 {Strongly threatening ...e4.} 38. f3+ Kf5 39. Bd2 a5 40. Be3 {Threatens to win with Bxb6!} Bd6 41. Kh3 e4 $2 {[%mdl 8192]} (41... h5 $1 $11 {and Black stays safe.}) 42. f4 $2 (42. Kg2 $18 h5 43. Bf2) 42... Kg6 43. Kg4 {Hoping for f5+.} h5+ 44. Kg3 Kf5 45. Kh3 Kf6 46. Kg3 Kg6 47. Kh4 Be7+ $1 48. Kh3 {Bxb6! is the strong threat.} Bd6 $1 49. Kg3 Kf5 50. Kh3 h4 $2 {[%mdl 8192] White stays focused until the end.} (50... Kf6 $11) 51. Kxh4 $18 Bxf4 52. Bxf4 Kxf4 {[#] KP-KP} 53. d6 $1 {[%mdl 512]} e3 (53... cxd6 54. c7) 54. dxc7 e2 55. c8=Q e1=Q+ {KQ-KQ} 56. Kh5 Qe5+ 57. Kg6 Qe4+ 58. Kg7 $2 (58. Kf7 Qh7+ 59. Ke8 Qg8+ 60. Kd7 Qh7+ 61. Kd8 Qg8+ {[#]} 62. Kc7 $1 {[%mdl 512]} Qxc4 63. Qd7) 58... Qd4+ $2 {[%mdl 8192]} (58... Qe7+ $11 59. Kg6 Ke5) 59. Kg6 $2 (59. Kf7 {mates} Qxc4+ 60. Qe6 Qc5 61. Ke8 Kf3 62. Qf7+ Kg3 63. c7 b5 64. Kd7) 59... Qd3+ $2 {[%mdl 8192]} (59... Qe4+ $11 60. Kf6 Qe5+ 61. Kf7 Qc5) 60. Kg7 $2 ({Only move:} 60. Kf6 $18 Qd4+ 61. Ke7 Qe5+ 62. Kd7 Qd4+ 63. Kc7 Qxc4 64. Kb7) 60... Qc3+ $2 {[%mdl 8192]} (60... Qd4+ $11 61. Kf7 Kg3 62. Qg8+ Kf2) 61. Kg6 $2 (61. Kf7 $18 Qxc4+ 62. Qe6) 61... Qxc4 $2 {[%mdl 8192]} (61... Qd3+ $11 62. Kf6 Qd4+ 63. Ke7 Qc5+ 64. Kd7 Qb4 65. Qb8+ Kf5) 62. Qf5+ {White mates.} Ke3 63. Qe5+ Kd2 64. c7 Qc6+ 65. Kf7 Qc4+ 66. Ke7 Qh4+ 67. Kd7 Qg4+ 68. Qe6 Qg7+ 69. Kc6 {Accuracy: White = 71%, Black = 69%.} 1-0

[Event "Magnus Carlsen Invitational 2020 Final4"]
[Site "magnuscarlsen.com"]
[Date "2020.05.03"]
[Round "2.1"]
[White "Carlsen, Magnus"]
[Black "Nakamura, Hikaru"]
[Result "1-0"]
[WhiteElo "2881"]
[BlackElo "2829"]
[Annotator "TA"]
[PlyCount "167"]
[EventDate "2020.04.18"]
[EventType "k.o."]
[EventCountry "NOR"]
[SourceTitle "playchess.com"]
[Source "ChessBase"]
[SourceQuality "1"]

{[%evp 23,167,0,13,7,15,2,13,3,17,5,7,17,22,16,20,26,17,0,0,0,18,15,26,15,31,23,27,21,29,13,10,12,9,0,37,34,72,72,61,39,43,37,37,21,50,50,65,0,8,0,0,0,0,0,0,0,0,0,0,0,0,0,0,0,8,8,8,8,8,8,8,8,8,8,8,8,8,8,33,33,33,8,17,8,8,8,8,8,8,8,56,57,58,61,62,8,8,8,8,0,8,10,13,12,46,46,46,46,52,57,58,53,141,97,257,254,257,254,363,368,348,339,5606,681,5606,5950,5837,5825,5837,5816,5736,5736,5646,5613,5598,5598,5598,5598,5598,5584,5591,5584,5584,4719,10772,5577]} 1. c4 e5 2. Nc3 Nf6 3. Nf3 Nc6 4. g3 d5 5. cxd5 Nxd5 6. Bg2 Nb6 7. O-O Be7 8. d3 O-O 9. Be3 Be6 10. Rc1 Nd5 11. Nxd5 Bxd5 12. a3 Re8 13. Qc2 {A29: English Opening: Four Knights Variation with 4 g3.} Bf6 14. Nd2 {[#]} Nd4 $146 ({Predecessor:} 14... Bxg2 15. Kxg2 Rc8 16. Ne4 Be7 17. Rfe1 h6 18. b4 Nd4 19. Bxd4 exd4 20. Qc4 {½-½ (20) Pauk,P (1751)-Prill,G Baden 2019}) 15. Bxd4 {The position is equal.} Bxg2 $1 16. Kxg2 {Strongly threatening Be3.} exd4 17. Qxc7 Rxe2 18. Qxd8+ Rxd8 19. Nc4 Rde8 20. Kf3 {Hoping for Nd6.} Bg5 21. Rb1 R2e6 22. a4 h5 23. b4 g6 24. b5 Kg7 25. Rb2 Be7 26. Rc1 g5 27. Kg2 g4 28. Rcc2 Bg5 29. b6 axb6 30. Rb5 Kg6 31. f4 gxf3+ $1 32. Kxf3 Bd8 33. Rd5 Bf6 34. Rb2 Ra8 35. Rxb6 (35. Nxb6 $14 Re3+ 36. Kg2) 35... Rxa4 $11 36. Rxe6 fxe6 $14 {[%mdl 4096] Endgame KRB-KRN} 37. Rb5 Ra1 38. Rxb7 Rf1+ 39. Ke2 Rh1 40. h4 Rg1 41. Kf2 Rd1 42. Rb3 Ra1 43. Nd6 Be5 44. Ne4 Ra5 45. Kf3 Kf5 46. Nd2 Bf6 47. Nc4 Ra1 48. Nd6+ Kg6 49. Ne4 Re1 50. Kf2 Re3 51. Nd2 {Nc4 is the strong threat.} Re5 $1 52. Ne4 Rf5+ 53. Ke2 Ra5 54. Rb6 Kf5 55. Kf3 Be5 56. Rb3 Ra1 57. Rb5 Re1 $1 58. Nd6+ $1 Kg6 59. Nc4 (59. Kf2 $1 $14 Re3 {[%mdl 64] Double Attack} 60. Nc4 (60. Ne4 Bf6 $11) 60... Bxg3+ {[%mdl 64] Double Attack} 61. Kg2 Bxh4 62. Nxe3 dxe3 63. Re5) 59... Bf6 $11 60. Rb6 Kf5 61. Kf2 Rd1 62. Nd6+ Kg4 63. Ne4 Be5 64. Rxe6 Kf5 65. Ke2 {Threatens to win with Rxe5+!} Rg1 $1 66. Rh6 Bxg3 67. Rxh5+ Kf4 {[#]} (67... Kg4 $14 68. Rh8 Re1+ 69. Kd2 Rg1) 68. Rh8 $1 $16 Re1+ $2 {This costs Black the game.} (68... Kf5 $16 {was called for.}) 69. Kd2 $18 Re3 {[#]} 70. h5 $1 Be1+ (70... Kf3 $142 71. h6 Bf4) 71. Kc2 Rh3 72. h6 Kf5 $2 (72... Bb4 73. Rb8 Ba3) 73. h7 (73. Rf8+ $142 Ke5 74. Ng5) 73... Kg6 74. Rg8+ Kxh7 75. Nf6+ Kh6 76. Rh8+ Kg6 77. Rxh3 Kxf6 {KR-KB} 78. Kb3 Ke5 79. Kc4 Bf2 80. Rf3 Be3 81. Rf8 Ke6 82. Kc5 Bg1 83. Kc6 Be3 84. Re8+ {Accuracy: White = 91%, Black = 73%.} 1-0

[Event "Magnus Carlsen Invitational 2020 Final4"]
[Site "magnuscarlsen.com"]
[Date "2020.05.03"]
[Round "2.2"]
[White "Nakamura, Hikaru"]
[Black "Carlsen, Magnus"]
[Result "1-0"]
[WhiteElo "2829"]
[BlackElo "2881"]
[Annotator "TA"]
[PlyCount "113"]
[EventDate "2020.04.18"]
[EventType "k.o."]
[EventCountry "NOR"]
[SourceTitle "playchess.com"]
[Source "ChessBase"]
[SourceQuality "1"]

{[%evp 13,113,8,10,9,8,8,6,9,5,10,6,7,13,0,0,0,2,0,0,0,20,20,26,0,0,0,0,0,0,-6,0,0,17,18,21,18,24,27,36,35,35,31,51,19,32,31,54,54,54,54,54,54,54,54,54,54,54,54,54,2,94,79,79,79,86,94,257,111,247,211,362,321,462,462,298,255,1553,1473,1619,1508,1320,966,1849,836,1380,1842,2178,2048,1997,1656,1614,2245,1854,1489,12832,12832,5609,6982,12841,12841,29981,29982]} 1. d4 Nf6 2. c4 e6 3. Nf3 d5 4. Nc3 Be7 5. Bf4 O-O 6. e3 Nbd7 7. c5 {7.Be2 is more fashionable. Played by Hikaru Nakamura in February 2020.} Nh5 (7... Ne4 8. Rc1 Nxc3 9. Rxc3 b6 10. c6 Nf6 11. a3 Ne4 12. Rc2 a5 13. Bd3 f6 14. Qe2 g5 15. Bg3 Bd6 16. O-O Nxg3 17. fxg3 g4 18. Nd2 f5 19. a4 Qe7 20. Bb5 e5 21. dxe5 Qxe5 22. Nb3 Be6 23. Nd4 Rae8 24. Qd3 Bc8 25. Re2 Bc5 26. Rd1 Kg7 27. Qc3 Qf6 28. Rf2 Re4 29. Rf4 Rfe8 30. Rxe4 Rxe4 31. Kf2 Kg6 32. Rd3 f4 33. gxf4 Qh4+ {1-0 (42) Nakamura,H (2786)-Carlsen,M (2832) chess.com INT 2018}) 8. Bd3 {D37: Queen's Gambit Declined: 5 Bf4.} Nxf4 9. exf4 b6 10. b4 {The position is equal.} a5 11. a3 c6 12. O-O Ba6 13. Qe2 $5 {[%mdl 4] An interesting side line.} Bxd3 14. Qxd3 g6 15. Rfc1 Qc7 16. g3 axb4 17. axb4 Qb7 18. Rab1 Ra3 19. Qc2 Rfa8 20. Kg2 Bf6 21. Ne2 Ra2 22. Qd1 bxc5 23. bxc5 Qa6 24. Rc2 Rxc2 25. Qxc2 Rb8 26. Rxb8+ Nxb8 27. Nc1 {[#]} Nd7 $146 ({Predecessor:} 27... Qa8 28. Nd3 Nd7 29. Qb3 Qa6 30. Nde5 Bxe5 31. fxe5 Kg7 32. h4 h6 33. Qe3 Qa4 {1-0 (69) Bryzgalin,K (2465)-Schroeder,J (2355) Dresden 2013}) 28. Nd3 Qb5 29. Qc3 h5 30. Qa3 Kg7 31. Nde5 Bxe5 32. fxe5 {And now Qa7 would win.} Qe2 33. Ng5 {Strongly threatening h4.} Qg4 34. h4 {aiming for Qa7.} Nf8 $1 35. Qd3 Qf5 36. Qxf5 (36. Qd2 $14) 36... exf5 $14 {[%mdl 4096] Endgame KN-KN} (36... gxf5 $11 37. Nh3 f6) 37. Kf3 $16 {White stays focused until the end.} f6 38. exf6+ Kxf6 39. Ke3 Nd7 $2 {[#]} (39... Ke7 $16) 40. Nf3 (40. f4 $1 $18 {and the rest is easy.}) 40... Ke6 {[#]} (40... Ke7 $16) 41. Ne1 $1 $18 Nb8 $2 (41... Kf6 42. f4 Ke7) 42. Nd3 Kf6 (42... Nd7 {is a better defense.} 43. f3 Ke7) 43. f4 Nd7 44. Ne5 Nf8 $2 (44... Ke6 45. Nxg6 (45. Nxc6 Nf6 $16) 45... Kf6) 45. Nxc6 Ke6 46. Ne5 Ke7 47. Kd3 Kd8 48. Kc3 (48. Nc6+ $142 Kd7 49. Nb4) 48... Kc7 49. Nd3 Nd7 50. Nb4 Nf6 51. Kb3 Kb7 52. Ka4 Ne4 53. Nxd5 Nxg3 54. Kb5 Ne4 55. c6+ Kc8 56. Kb6 Nd6 57. Ne7+ {Accuracy: White = 83%, Black = 55%.} 1-0

[Event "Magnus Carlsen Invitational 2020 Final4"]
[Site "magnuscarlsen.com"]
[Date "2020.05.03"]
[Round "2.3"]
[White "Carlsen, Magnus"]
[Black "Nakamura, Hikaru"]
[Result "1-0"]
[WhiteElo "2881"]
[BlackElo "2829"]
[Annotator "TA"]
[PlyCount "103"]
[EventDate "2020.04.18"]
[EventType "k.o."]
[EventCountry "NOR"]
[SourceTitle "playchess.com"]
[Source "ChessBase"]
[SourceQuality "1"]

{[%evp 12,103,11,10,2,7,20,12,23,13,16,16,5,1,9,14,66,38,69,35,68,67,71,71,68,45,41,35,43,31,72,54,54,58,62,63,68,68,68,71,70,62,65,62,60,60,171,130,131,122,102,100,137,154,140,146,150,139,239,202,282,260,281,269,212,187,391,378,343,316,5948,3508,6717,9209,29972,29973,29979,29980,29981,29982,29982,29983,29983,29984,29984,29985,29985,29986,29986,29987,29987,29988,29988,29989]} 1. d4 Nf6 2. c4 e6 3. Nf3 d5 4. Nc3 Be7 5. Bf4 O-O 6. e3 Nbd7 (6... c5 7. dxc5 Bxc5 8. a3 Nc6 9. Qc2 Re8 10. Bg5 Be7 11. Rd1 Qa5 12. Bd3 dxc4 13. Bxc4 h6 14. Bf4 Bd7 15. O-O Rac8 16. e4 e5 17. Be3 Nd4 18. Bxd4 Rxc4 19. Bxe5 Ba4 {1-0 (43) Carlsen,M (2875)-Nakamura,H (2754) Zagreb 2019}) 7. Be2 $1 {[%mdl 4] now scores much better than the old 7.c5. Played by Hikaru Nakamura in February 2020.} dxc4 {D37: Queen's Gambit Declined: 5 Bf4.} 8. O-O c5 9. dxc5 Bxc5 {The position is equal.} 10. Bxc4 a6 11. Ng5 b5 12. Bxe6 fxe6 13. Nxe6 {[%mdl 64] [#] Double Attack} Qe7 $146 (13... Qe8 $11 14. Nxf8 (14. Nc7 Qg6 $15) 14... Bxf8) ({Predecessor:} 13... Qe8 14. Nxf8 Bxf8 15. Bd6 Bb7 16. Bxf8 Nxf8 17. a4 b4 18. Qb3+ Ne6 19. Qxb4 Rb8 {½-½ (36) Wojtaszek,R (2725)-Andreikin,D (2724) Jerusalem 2019}) 14. Nxf8 Qxf8 15. Ne4 Bb7 16. Nxc5 Qxc5 17. Rc1 Qd5 {[%csl Gb7][%cal Rd5g2]} 18. f3 (18. Qxd5+ {seems wilder.} Bxd5 19. b3 a5 20. f3 a4 21. Rc3) 18... Qxa2 19. e4 {Threatens to win with Rc7.} Nf8 20. Rf2 Rc8 21. Rxc8 Bxc8 22. Qd8 Qe6 23. Bd6 $36 {[%csl Gd6][%cal Rd8f8][%mdl 2048] White is more active.} Qe8 24. Qxe8 Nxe8 25. Bb4 Ne6 26. Rd2 {[%mdl 1024] White has compensation.} Kf7 27. Kf2 Nf6 28. Ke3 g5 ({Black should try} 28... Ke8 $14) 29. Rd6 Nd7 30. g3 Ne5 31. b3 h5 32. h4 gxh4 33. gxh4 Ng6 34. Be1 a5 (34... Ke8 $16 {was necessary.} 35. Bg3 Ne7) 35. Rd5 $18 (35. Bxa5 $6 Nxh4 36. Rd2 Ng6) 35... a4 36. Rxh5 Nef4 {[#]} 37. Rg5 $1 (37. Rxb5 $6 Ng2+ 38. Kf2 Nxe1 $18) 37... axb3 38. h5 (38. Rxb5 $6 Ng2+ 39. Kf2 Nxe1 $16) 38... Nf8 $2 (38... Kf6 39. Rxb5 (39. Rxg6+ Nxg6 40. Bc3+ Kg5 $16) 39... Ng2+ 40. Kf2 Nxe1 41. Kxe1 Nf4) 39. Bc3 {Hoping for Rg7+.} b4 40. Bb2 ({Less strong is} 40. Bxb4 b2 $16) 40... N8e6 $2 (40... N4e6 41. Rb5 Ng7 42. Bxg7 (42. Rxb4 Nxh5 43. f4 Ng3 $18) 42... Kxg7 43. Rxb4 Be6) 41. Rf5+ Kg8 42. Rxf4 Nxf4 43. Kxf4 {[%mdl 4096] Endgame KB-KB. White mates.} Ba6 44. Kg5 Bd3 45. Kg6 Bb5 46. f4 Be8+ 47. Kg5 Bc6 48. e5 Bd5 49. f5 Kh7 50. e6 Bc4 51. Kf6 Be2 52. Ke7 {Accuracy: White = 92%, Black = 57%.} 1-0

[Event "Magnus Carlsen Invitational 2020 Final4"]
[Site "magnuscarlsen.com"]
[Date "2020.05.03"]
[Round "2.4"]
[White "Nakamura, Hikaru"]
[Black "Carlsen, Magnus"]
[Result "1/2-1/2"]
[WhiteElo "2829"]
[BlackElo "2881"]
[Annotator "TA"]
[PlyCount "114"]
[EventDate "2020.04.18"]
[EventType "k.o."]
[EventCountry "NOR"]
[SourceTitle "playchess.com"]
[Source "ChessBase"]
[SourceQuality "1"]

{[%evp 19,114,19,18,0,7,0,16,15,15,13,19,11,6,0,0,0,0,0,0,0,0,0,47,38,41,3,3,10,4,0,7,7,24,0,8,8,7,9,9,15,47,64,58,59,53,47,60,49,130,118,92,94,96,68,65,69,116,72,179,197,183,183,200,189,155,186,145,95,95,26,26,0,95,95,124,18,18,18,18,0,8,0,22,0,0,0,0,0,0,0,0,0,0,0,0,0,0]} 1. d4 Nf6 2. c4 e6 3. Nf3 d5 4. Nc3 c6 5. Bg5 Nbd7 6. e3 Qa5 7. Nd2 dxc4 8. Bxf6 Nxf6 9. Nxc4 Qc7 10. Be2 Be7 11. a3 {D52: Queen's Gambit Declined: Cambridge Springs Variation.} O-O 12. b4 Rd8 13. O-O b6 {[#]} 14. Bf3 $146 ({Predecessor:} 14. Qb3 Bb7 15. Bf3 Rab8 16. Rfd1 a6 17. Rac1 c5 18. Bxb7 Qxb7 19. bxc5 bxc5 20. Qxb7 Rxb7 {½-½ (29) Rain,R (2378)-Repp,H (2494) ICCF email 2009}) 14... Ba6 15. Qb3 Rac8 16. Rac1 c5 17. dxc5 Bxc4 18. Qxc4 {aiming for c6.} bxc5 19. Na4 {[%cal Ra4c5]} Nd7 20. Qb5 Qb8 (20... Qe5 {with more complications.} 21. Qa6 Rc7 22. Nxc5 Nxc5 23. bxc5 Bxc5 24. g3 g6) 21. Qxb8 Rxb8 22. bxc5 {[#] And now c6 would win.} Rdc8 23. c6 Ne5 24. Rc3 Nxf3+ 25. gxf3 Kf8 26. Rd1 Ke8 27. Rd7 $36 {[%mdl 2048] White has the initiative.} Bf6 28. Rc5 Rxc6 29. Rxa7 Rxc5 30. Nxc5 $11 {[%mdl 4096] Endgame KRB-KRN} Be7 31. Ne4 f5 32. Ng3 g6 33. a4 Kf7 (33... e5 $14) 34. Ne2 $16 Kf6 35. Ra6 Rb2 36. Nf4 Kf7 37. Nd3 Ra2 38. Ra7 Kf6 (38... Rd2 $16) 39. f4 $18 Bd6 40. Ra6 ({Don't do} 40. Rxh7 $6 Rd2 $16) 40... Ke7 41. Ne5 Bxe5 42. fxe5 {KR-KR} Kd7 43. Kg2 g5 44. Rd6+ (44. a5 $16) 44... Ke7 $11 45. Ra6 (45. Rb6 $11) 45... Kd7 $1 $16 {[#]} 46. a5 $1 h5 47. Rd6+ (47. h4 $16 gxh4 48. Rd6+ Ke7 49. a6) 47... Ke7 $11 {The position is equal.} 48. a6 h4 $1 49. Rb6 {Strongly threatening Rb7+.} Kd7 50. Rd6+ Ke7 51. h3 Ra5 52. f4 g4 53. Rb6 Ra2+ 54. Kh1 Ra1+ 55. Kg2 {Hoping for Rb7+.} Ra2+ 56. Kf1 Ra1+ 57. Kg2 {Rb7+ is the strong threat.} Ra2+ {Blacks defense is rewarded with a draw. Accuracy: White = 82%, Black = 81%.} 1/2-1/2